000 01137nam a22002297a 4500
999 _c154238
_d154238
005 20190104121633.0
010 _aHIN-114485 B-703826-852
020 _a9788189198381
_c350.00
035 _aHN-86831
035 _aB-703826-852
037 _bDBAD/PUB
037 _bहरबंस लाला एंड संस
082 _a910
100 _aपंडित ,अंजलि
245 _aभूगोल प्रश्नोत्तरी /
_cअंजली पंडित
246 _aBhugol Prashnottri /
260 _aनई दिल्ली
_bहरबंस लाल एंड संस
_c2016
270 _aडी-38, निहाल विहार,
_bनई दिल्ली
_e110041
_minfo@lokbhartiprakashan.com
300 _a144पृ.
_c22सेमी(सजिल्द)
942 _2ddc
_cHN
_h910
_mअंजली